Formel 1 Fahrerwertung 2025 - Statistiken

Allgemein
  • Dieses Quiz wurde 144 mal gespielt
  • Das Durchschnittsergebnis liegt bei 16 aus 21
Antwortstatistiken
Platzierung Punkte Fahrer % Korrekt
1 423 Lando Norris
100%
2 421 Max Verstappen
100%
3 410 Oscar Piastri
99%
5 242 Charles Leclerc
90%
6 156 Lewis Hamilton
90%
4 319 George Russell
85%
7 150 Kimi Antonelli
85%
11 51 Nico Hülkenberg
76%
10 56 Fernando Alonso
74%
8 73 Alexander Albon
72%
9 64 Carlos Sainz
71%
12 51 Isack Hadjar
71%
20 0 Franco Colapinto
69%
15 38 Esteban Ocon
65%
18 22 Pierre Gasly
65%
14 38 Liam Lawson
64%
13 41 Oliver Bearman
64%
17 33 Yuki Tsunoda
63%
16 33 Lance Stroll
62%
19 19 Gabriel Bortoleto
59%
21 0 Jack Doohan
59%
Keine übereinstimmenden Quizze gefunden
Verteilung der Resultate
Anzahl Personen mit jedem Resultat
Perzentil nach korrekt beantworteten Fragen
Ihre Resultats-Entwicklung
Sie haben dieses Quiz noch nicht gespielt